000 00321nam a22001457a 4500
008 240318b ||||| |||| 00| 0 eng d
020 _a6811203
041 _aeng
080 _21967
_a94
082 _a94MCM
100 _a28
101 _aHISTORI
245 _aGALILEO MAN OF SCIENCE
_cERNAN McMULLIN
942 _2udc
_cBK
999 _c60600
_d60600